| 000 | 00629nam a2200181 i 4500 | ||
|---|---|---|---|
| 001 | 25391 | ||
| 003 | ES-MaACL | ||
| 005 | 20250407063101.0 | ||
| 007 | t| | ||
| 008 | 021226s1909 sp ||||1| spa d | ||
| 100 | 1 |
_aArguedas, Alcides, _d1879-1946 _922706 |
|
| 245 | 1 | 0 |
_aPueblo enfermo _b: contribución a la psicología de los pueblos hispano-americanos / _cAlcides Arguedas : carta-prólogo de Ramiro de Maeztu. |
| 260 |
_aBarcelona : _b[s.n., _c1909] ( _fVda. de L. Zarro) |
||
| 300 |
_a255 p. ; _c20 cm. |
||
| 700 | 1 |
_aMaeztu, Ramiro de, _d1875-1936 _975421 |
|
| 852 |
_aES-MaACL _jG-7608 |
||
| 999 |
_c25391 _d25391 |
||